000 00406cam a2200181ua 4500
020 _c3.00
041 _ahin
_h
082 _a891.54
_bYAS/JN
100 _aYashpal, .
245 _aJnandan /
_cYashpal.
_hTextual Documents
250 _a1 /
_b.
260 _aLucknow :
_bViplav Karyalay ,
_c1959.
300 _a134 ; .
365 _a3.00
504 _a
942 _cBK
999 _c8368
_d8368